logo

Bir Sreshtho Munshi Abdur Rouf Library
Jhenaidah Cadet College

Jane Eyre / (Record no. 7351)

MARC details
000 -LEADER
fixed length control field 00764nam a2200253 a 4500
001 - CONTROL NUMBER
JCCL Control Number 7351
003 - CONTROL NUMBER IDENTIFIER
JCCL marc code BD - JhCC
005 - DATE AND TIME OF LATEST TRANSACTION
control field 20180422084634.0
008 - FIXED-LENGTH DATA ELEMENTS--GENERAL INFORMATION
fixed length control field 900614s1931 enka 000 1 eng d
035 ## - SYSTEM CONTROL NUMBER
system control number (BD - JhCC)7351
035 ## - SYSTEM CONTROL NUMBER
system control number (OCoLC)25073917
040 ## - CATALOGING SOURCE
Original cataloging agency WHE
Modifying agency m.c
-- UkOxU
-- BD - JhCC
041 ## - LANGUAGE CODE
Language code of Book eng
082 ## - DEWEY DECIMAL CLASSIFICATION NUMBER
Author mark and Year BRO 1957
Classification number 823.8
100 1# - MAIN ENTRY--PERSONAL NAME
Personal name Brontë, Charlotte,
Dates associated with a name 1816-1855.
245 10 - TITLE STATEMENT
Title Jane Eyre /
Statement of responsibility, etc Charlotte Brontë,
260 ## - PUBLICATION, DISTRIBUTION, ETC. (IMPRINT)
Place of publication, distribution, etc Oxford University Press :
Name of publisher, distributor, etc Published for the Shakespeare Head Press by Basil Blackwell,
Date of publication, distribution, etc 1957
300 ## - PHYSICAL DESCRIPTION
Pagination 2 v. (6 leaves of plates) :
Other physical details ill ;
Dimensions 24 cm
490 1# - SERIES STATEMENT
Series statement Shakespeare Head Brontë ;
Volume number/sequential designation 1-2
650 ## - SUBJECT ADDED ENTRY--TOPICAL TERM
Topical term or geographic name as entry element Manners and customs
650 ## - SUBJECT ADDED ENTRY--TOPICAL TERM
Topical term or geographic name as entry element Governesses
Geographic subdivision England
942 ## - ADDED ENTRY ELEMENTS (KOHA)
Source of classification or shelving scheme Dewey Decimal Classification
Koha item type Books
Holdings
Source of classification or shelving scheme Damaged status Not for loan Home library Current library Shelving location Date of accession Total Checkouts Full call number Barcode Date last seen Date checked out Copy number Koha item type
Dewey Decimal Classification     JCC Rouf Library JCC Rouf Library General Stacks 07/29/2024 1 823.8 BRO 1957 9900 07/31/2024 07/29/2024 C - 1 Books

JCC Library | Contacts | JCC Home

Last Update on 23 September 2017
Copyright @ 2017-2020 JCC Rouf Library
Rouf Library, Jhenidah Cadet College (JCC), Bangladesh